| 000 | 00716nam a2200205Ii 4500 | ||
|---|---|---|---|
| 003 | JO-AjNU | ||
| 008 | 230605s9999||||xx |||||||||||||| ||und|| | ||
| 017 | _a1981/1187 | ||
| 040 |
_aJO-AjNU _bara _erda _cJO-AjNU |
||
| 041 | _aara | ||
| 050 | 1 | 4 | _aHA29.5.A7.S582.1981 |
| 100 | 3 |
_aشربجي، عبدالرزاق محمد صلاح, _eauthor _938637 |
|
| 245 | 0 | 0 | _aالانحدار الخطي المتعدد |
| 264 | 3 | 1 | _aالجمهورية العراقية:وزارة التعليم العالي والبحث العلمي،1981 |
| 300 | _a228ص | ||
| 336 |
_atext _btxt _2rdacontent |
||
| 337 |
_aunmediated _bn _2rdamedia |
||
| 338 |
_avolume _bnc _2rdacarrier |
||
| 650 | 4 |
_aطرق البحث-احصاء _938638 |
|
| 999 |
_aA16249 _c19817 _d19817 |
||